Catálogo

Museo de la Basílica de Guadalupe : (Registro nro. 18325)

Detalles MARC
000 -LEADER
fixed length control field 01173cam a2200313 i 4500
001 - CONTROL NUMBER
control field 18325
003 - CONTROL NUMBER IDENTIFIER
control field Mx-PuUPA
005 - DATE AND TIME OF LATEST TRANSACTION
control field 20260309110120.0
008 - FIXED-LENGTH DATA ELEMENTS--GENERAL INFORMATION
fixed length control field 140415s2009 mx a gr 000 0 spa d
040 ## - CATALOGING SOURCE
Transcribing agency Mx-PuUPA
Original cataloging agency Mx-PuUPA
Language of cataloging spa
Modifying agency Mx-PuUPA
Description conventions rda
041 0# - LANGUAGE CODE
Language code of text/sound track or separate title spa
043 ## - GEOGRAPHIC AREA CODE
Geographic area code n-mx---
100 1# - MAIN ENTRY--PERSONAL NAME
Personal name Olguín Castro, Alma Guadalupe,
9 (RLIN) 17885
Relator term autor
245 10 - TITLE STATEMENT
Title Museo de la Basílica de Guadalupe :
Remainder of title un acercamiento /
Statement of responsibility, etc. Alma Guadalupe Olguín Castro
264 #1 - PRODUCTION, PUBLICATION, DISTRIBUTION, MANUFACTURE, AND COPYRIGHT NOTICE
Place of production, publication, distribution, manufacture México, D.F. :
Name of producer, publisher, distributor, manufacturer Museo de la Basílica de Guadalupe,
Date of production, publication, distribution, manufacture, or copyright notice ©2009
300 ## - PHYSICAL DESCRIPTION
Extent 26 páginas :
Other physical details ilustraciones (a color) ;
Dimensions 21 cm
336 ## - CONTENT TYPE
Fuente rdacontent
Content type term texto
Content type code txt
336 ## - CONTENT TYPE
Fuente rdacontent
Content type term imagen fija
Content type code sti
337 ## - MEDIA TYPE
Source rdamedia
Media type term sin medio
Media type code n
338 ## - CARRIER TYPE
Source rdacarrier
Carrier type term volumen
Carrier type code nc
500 ## - GENERAL NOTE
General note "Insigne y Nacional Basílica de Santa María de Guadalupe". -- Cubierta
600 04 - SUBJECT ADDED ENTRY--PERSONAL NAME
Personal name Nuestra Señora de Guadalupe
General subdivision Devoción
Geographic subdivision México
650 #7 - SUBJECT ADDED ENTRY--TOPICAL TERM
Source of heading or term armarc
Topical term or geographic name entry element Arte mexicano
650 #7 - SUBJECT ADDED ENTRY--TOPICAL TERM
Source of heading or term armarc
Topical term or geographic name entry element Arte y simbolismo cristiano
Geographic subdivision México
650 #7 - SUBJECT ADDED ENTRY--TOPICAL TERM
Source of heading or term armarc
Topical term or geographic name entry element Virgen María en el arte
942 ## - ADDED ENTRY ELEMENTS (KOHA)
Source of classification or shelving scheme Dewey Decimal Classification
Koha item type Libro
Classification part 704.94820972
Item part O45
Existencias
Withdrawn status Lost status Source of classification or shelving scheme Damaged status Not for loan Collection code Home library Current library Shelving location Date acquired Source of acquisition Total Checkouts Full call number Barcode Date last seen Price effective from Koha item type
    Dewey Decimal Classification   En catalogación General Centro de Estudios Guadalupanos Centro de Estudios Guadalupanos Sala general 03/12/2013 Compra   704.94820972 O45 2009 48244 10/03/2026 03/12/2013 Folleto